000 00662cam a22002293a 4500
001 12092
003 PGUSA
005 20140828083244.0
008 040401s2004||||xxu|||||s|||||000 | eng d
040 _aPGUSA
_beng
042 _adc
050 4 _aBX
100 1 _aChurch, R. W.
_q(Richard William),
_d1815-1890
245 1 4 _aThe Oxford Movement; Twelve Years, 1833-1845
_h[electronic resource] /
_cR. W. Church
260 _bProject Gutenberg,
_c2004
506 _aPublic domain in the USA.
516 _aElectronic text
653 _aOxford movement
830 0 _aProject Gutenberg
_v12092
856 4 0 _uhttp://www.gutenberg.org/ebooks/12092
942 _cEB
999 _c241347
_d241347